[Event "Tashkent UzChess Futures 2nd"]
[Site "Tashkent"]
[Date "2025.06.22"]
[Round "4"]
[White "Begmuratov, Khumoyun"]
[Black "Sychev, Klementy"]
[Result "1/2-1/2"]
[WhiteElo "2470"]
[BlackElo "2513"]
[PlyCount "86"]
[EventDate "2025.06.18"]
[EventType "tourn"]
[EventRounds "9"]
[EventCountry "UZB"]
[EventCategory "11"]
[SourceTitle "CB27_2025"]
[SourceDate "2025.07.02"]
[SourceVersion "1"]
[SourceVersionDate "2025.07.02"]
[SourceQuality "1"]

1. e4 e6 2. d4 d5 3. Nc3 Nf6 4. e5 Nfd7 5. f4 c5 6. Nf3 Nc6 7. Be3 cxd4 8. Nxd4 Qb6 9. Na4 Qa5+ 10. Nc3 Qb6 11. Qd2 Qxb2 12. Rb1 Qa3 13. Bb5 Nxd4 14. Bxd4 a6 15. Bxd7+ Bxd7 16. Rb3 Qe7 17. Rxb7 Qh4+ 18. g3 Qd8 19. 0-0 Qc8 20. Rb3 Qc4 21. Nd1 Bc5 22. c3 0-0 23. Ne3 Bxd4 24. cxd4 Qc7 25. f5 exf5 26. Nxd5 Qd8 27. Rb6 Re8 28. Rd6 Re6 29. Rc1 Rxd6 30. exd6 h6 31. Qe1 Rb8 32. Qe7 Qa5 33. Qxd7 Qxd5 34. Rc8+ Kh7 35. Rxb8 Qxd4+ 36. Kg2 Qe4+ 37. Kf1 Qc4+ 38. Kf2 Qc2+ 39. Ke3 Qc3+ 40. Ke2 Qc2+ 41. Ke1 Qc1+ 42. Ke2 Qc2+ 43. Ke3 Qc3+ 1/2-1/2

[Event "Asia-ch"]
[Site "Al Ain"]
[Date "2025.05.12"]
[Round "6"]
[White "Narayanan, Sunilduth Lyna"]
[Black "Begmuratov, Khumoyun"]
[Result "1-0"]
[WhiteElo "2598"]
[BlackElo "2461"]
[PlyCount "81"]
[EventDate "2025.05.07"]
[EventType "swiss"]
[EventRounds "9"]
[EventCountry "UAE"]
[SourceTitle "CB21_2025"]
[SourceDate "2025.05.21"]
[SourceVersion "1"]
[SourceVersionDate "2025.05.21"]
[SourceQuality "1"]

1. c4 e6 2. Nc3 d5 3. d4 Nf6 4. cxd5 exd5 5. Bg5 Bb4 6. e3 h6 7. Bh4 g5 8. Bg3 Ne4 9. Nge2 h5 10. h3 Nxg3 11. Nxg3 h4 12. Nh5 c6 13. Rc1 Qd6 14. Be2 Be6 15. a3 Bxc3+ 16. Rxc3 Nd7 17. b4 Ke7 18. Ng7 Rag8 19. Nxe6 fxe6 20. 0-0 Nf6 21. b5 Ne4 22. Rb3 c5 23. dxc5 Nxc5 24. Rb4 b6 25. Bf3 Qe5 26. Rd4 Rd8 27. a4 Rd7 28. Qb1 Rc8 29. Rfd1 Rdc7 30. Qh7+ Kf8 31. Qh5 Nd7 32. Qh6+ Ke7 33. Bxd5 exd5 34. Rxd5 Qh8 35. Qxg5+ Nf6 36. e4 Qg8 37. Qxh4 Qh7 38. Qg5 Qg8 39. Re5+ Kf7 40. Qf4 Rd8 41. Red5 1-0

[Event "Asia-ch Blitz"]
[Site "Al Ain"]
[Date "2025.05.10"]
[Round "6"]
[White "Begmuratov, Khumoyun"]
[Black "Jumabayev, Rinat"]
[Result "0-1"]
[WhiteElo "2461"]
[BlackElo "2551"]
[PlyCount "60"]
[EventDate "2025.05.10"]
[EventType "swiss (blitz)"]
[EventRounds "9"]
[EventCountry "UAE"]
[SourceTitle "CB20_2025"]
[SourceDate "2025.05.14"]
[SourceVersion "1"]
[SourceVersionDate "2025.05.14"]
[SourceQuality "1"]

1. e4 c5 2. Nf3 e6 3. c3 d5 4. exd5 exd5 5. d4 Nc6 6. Bb5 Bd6 7. 0-0 Nge7 8. dxc5 Bxc5 9. h3 0-0 10. Bd3 Bf5 11. Bg5 f6 12. Bf4 Qd7 13. Bxf5 Nxf5 14. Nbd2 Rfe8 15. Nb3 Bb6 16. Re1 h5 17. Qd3 g5 18. Bd2 g4 19. hxg4 hxg4 20. Nfd4 Ncxd4 21. cxd4 a6 22. Bf4 Qh7 23. Nc5 Kf7 24. Rxe8 Rxe8 25. Nxb7 Re4 26. Qb3 Rxf4 27. Qxb6 Kg6 28. Nd6 g3 29. fxg3 Nxg3 30. Qd8 Qh1# 0-1

[Event "Asia-ch"]
[Site "Al Ain"]
[Date "2025.05.10"]
[Round "4"]
[White "Jumabayev, Rinat"]
[Black "Begmuratov, Khumoyun"]
[Result "1/2-1/2"]
[WhiteElo "2551"]
[BlackElo "2461"]
[PlyCount "41"]
[EventDate "2025.05.07"]
[EventType "swiss"]
[EventRounds "9"]
[EventCountry "UAE"]
[SourceTitle "CB21_2025"]
[SourceDate "2025.05.21"]
[SourceVersion "1"]
[SourceVersionDate "2025.05.21"]
[SourceQuality "1"]

1. Nf3 Nf6 2. g3 e6 3. Bg2 d5 4. 0-0 Be7 5. c4 0-0 6. d4 c6 7. Nc3 a5 8. b3 b6 9. Re1 Ba6 10. Nd2 b5 11. c5 b4 12. Na4 Nbd7 13. Bb2 Qc7 14. Qc2 Rfe8 15. f4 Bb5 16. Bf3 h5 17. Kg2 Nf8 18. Nb6 Rad8 19. a4 Bxa4 20. e4 dxe4 21. Nxe4 1/2-1/2

[Event "UZB-ch"]
[Site "Qiziltepa"]
[Date "2025.04.20"]
[Round "1.2"]
[White "Saydaliev, Saidakbar"]
[Black "Begmuratov, Khumoyun"]
[Result "1/2-1/2"]
[WhiteElo "2461"]
[BlackElo "2435"]
[PlyCount "97"]
[EventDate "2025.04.19"]
[EventType "k.o."]
[EventRounds "4"]
[EventCountry "UZB"]
[SourceTitle "CB18_2025"]
[SourceDate "2025.04.30"]
[SourceVersion "1"]
[SourceVersionDate "2025.04.30"]
[SourceQuality "1"]

1. e4 e5 2. Nf3 Nc6 3. Bc4 Nf6 4. d3 Be7 5. 0-0 0-0 6. Re1 d6 7. a4 Be6 8. Bxe6 fxe6 9. c3 Qd7 10. Nbd2 a5 11. Nc4 Rae8 12. Be3 Bd8 13. Qb3 b6 14. Qb5 Be7 15. h3 Na7 16. Qb3 Nc6 17. Rac1 Qc8 18. Ncd2 h6 19. Qb5 Na7 20. Qc4 d5 21. Qb3 Nc6 22. d4 exd4 23. Nxd4 Ne5 24. exd5 Nd3 25. Nxe6 Nxc1 26. Rxc1 Rf7 27. Nf3 Bd6 28. c4 Nd7 29. Nfd4 Nc5 30. Qc2 Qd7 31. b3 c6 32. Rd1 cxd5 33. cxd5 Rf6 34. f4 Rc8 35. Qb1 Qf7 36. f5 Qh5 37. Nb5 Nb7 38. Bd4 Rf7 39. Rf1 Be7 40. Qe4 Nd6 41. Nxd6 Bxd6 42. Nxg7 Qg5 43. f6 Rc1 44. Rxc1 Qxc1+ 45. Kf2 Qd2+ 46. Kf3 Qd1+ 47. Ke3 Qe1+ 48. Kf3 Qd1+ 49. Ke3 1/2-1/2

[Event "UZB-ch"]
[Site "Qiziltepa"]
[Date "2025.04.19"]
[Round "1.1"]
[White "Begmuratov, Khumoyun"]
[Black "Saydaliev, Saidakbar"]
[Result "1/2-1/2"]
[WhiteElo "2435"]
[BlackElo "2461"]
[PlyCount "50"]
[EventDate "2025.04.19"]
[EventType "k.o."]
[EventRounds "4"]
[EventCountry "UZB"]
[SourceTitle "CB18_2025"]
[SourceDate "2025.04.30"]
[SourceVersion "1"]
[SourceVersionDate "2025.04.30"]
[SourceQuality "1"]

1. e4 e6 2. d4 d5 3. Nc3 Nf6 4. Bg5 dxe4 5. Nxe4 Be7 6. Bxf6 gxf6 7. Nf3 f5 8. Nc3 a6 9. g3 b5 10. Bg2 Bb7 11. 0-0 0-0 12. a4 b4 13. Ne2 c5 14. c3 bxc3 15. bxc3 Ra7 16. Qd2 Nd7 17. Qe3 Qa8 18. Nf4 Nf6 19. Ne5 Bxg2 20. Nxg2 Nd5 21. Qf3 cxd4 22. cxd4 Nb4 23. Qh5 Bf6 24. Nf3 Bg7 25. Rac1 Rc8 1/2-1/2

[Event "Wch U20 62nd"]
[Site "Petrovac"]
[Date "2025.03.04"]
[Round "8"]
[White "Zlatkov, Anton"]
[Black "Begmuratov, Khumoyun"]
[Result "1/2-1/2"]
[WhiteElo "2321"]
[BlackElo "2409"]
[PlyCount "56"]
[EventDate "2025.02.25"]
[EventType "swiss"]
[EventRounds "11"]
[EventCountry "MNE"]
[SourceTitle "CB11_2025"]
[SourceDate "2025.03.12"]
[SourceVersion "1"]
[SourceVersionDate "2025.03.12"]
[SourceQuality "1"]

1. Nf3 Nf6 2. c4 e6 3. g3 d5 4. Bg2 d4 5. d3 Bb4+ 6. Bd2 a5 7. 0-0 Nc6 8. e3 0-0 9. exd4 Nxd4 10. Nxd4 Qxd4 11. Bc3 Bxc3 12. bxc3 Qd8 13. d4 Rb8 14. Na3 Qe7 15. Qb3 b6 16. Rfe1 Bd7 17. Nb5 c6 18. Qa3 c5 19. dxc5 Bxb5 20. cxb5 Nd7 21. Rad1 Nxc5 22. Rd4 Rfd8 23. Red1 e5 24. Rd5 Rxd5 25. Bxd5 Rd8 26. c4 g6 27. Re1 Kg7 28. f4 f6 1/2-1/2

[Event "Wch U20 62nd"]
[Site "Petrovac"]
[Date "2025.02.26"]
[Round "2"]
[White "Begmuratov, Khumoyun"]
[Black "Cave, Iwan"]
[Result "1-0"]
[WhiteElo "2409"]
[BlackElo "2066"]
[PlyCount "105"]
[EventDate "2025.02.25"]
[EventType "swiss"]
[EventRounds "11"]
[EventCountry "MNE"]
[SourceTitle "CB11_2025"]
[SourceDate "2025.03.12"]
[SourceVersion "1"]
[SourceVersionDate "2025.03.12"]
[SourceQuality "1"]

1. e4 e5 2. Nf3 Nf6 3. Nc3 Nc6 4. Bb5 Nd4 5. Bc4 c6 6. Nxe5 d5 7. Be2 dxe4 8. d3 Nxe2 9. Qxe2 exd3 10. Nxd3+ Be7 11. Bg5 0-0 12. 0-0 Re8 13. Qf3 Bg4 14. Qg3 Qd7 15. h3 Bh5 16. Rfe1 Bg6 17. Rad1 Nh5 18. Qh4 Bxg5 19. Qxg5 h6 20. Qh4 Bxd3 21. Rxe8+ Qxe8 22. Rxd3 Qe1+ 23. Kh2 Qe5+ 24. g3 Nf6 25. Qb4 b6 26. Kg2 c5 27. Qa4 a6 28. Qc6 Rb8 29. Re3 Qf5 30. Qc7 Qc8 31. Re7 Qxc7 32. Rxc7 Rd8 33. Rc6 Rd2 34. Rxb6 Rxc2 35. Rb8+ Kh7 36. Rb7 Ne8 37. Rxf7 Rxb2 38. Ne4 Kg6 39. Re7 Nf6 40. Nxc5 Rxa2 41. Ne6 Nd5 42. Rd7 Ne3+ 43. Kf3 Nf5 44. g4 Ra3+ 45. Ke4 Nh4 46. Rxg7+ Kf6 47. Rh7 Rxh3 48. Rxh6+ Ke7 49. Nf4 Rh2 50. Rxh4 Rxf2 51. Rh7+ Kf6 52. Rh6+ Kg5 53. Nh3+ 1-0

[Event "Wch U20 62nd"]
[Site "Petrovac"]
[Date "2025.02.25"]
[Round "1"]
[White "Vihaan, Dumir"]
[Black "Begmuratov, Khumoyun"]
[Result "1/2-1/2"]
[WhiteElo "2014"]
[BlackElo "2409"]
[PlyCount "81"]
[EventDate "2025.02.25"]
[EventType "swiss"]
[EventRounds "11"]
[EventCountry "MNE"]
[SourceTitle "CB11_2025"]
[SourceDate "2025.03.12"]
[SourceVersion "1"]
[SourceVersionDate "2025.03.12"]
[SourceQuality "1"]

1. d4 Nf6 2. Bg5 g6 3. Bxf6 exf6 4. c4 Bg7 5. Nc3 0-0 6. g3 d6 7. Bg2 f5 8. e3 a5 9. Nge2 Nd7 10. 0-0 h5 11. h4 Nf6 12. Nf4 Re8 13. Qc2 c6 14. a3 Ng4 15. Bf3 Qe7 16. b4 axb4 17. axb4 Rxa1 18. Rxa1 Nxe3 19. fxe3 Qxe3+ 20. Kg2 Qxd4 21. Rc1 Qxc4 22. b5 d5 23. bxc6 bxc6 24. Na4 Ba6 25. Nb6 Qxc2+ 26. Rxc2 Bb7 27. Nd3 Bd4 28. Nd7 Bc8 29. Nb8 Re3 30. Nxc6 Rxd3 31. Nxd4 Rxd4 32. Rxc8+ Kg7 33. Rd8 f4 34. gxf4 Rxf4 35. Kg3 Rf5 36. Rxd5 Rxd5 37. Bxd5 g5 38. hxg5 f6 39. gxf6+ Kxf6 40. Kh4 Ke5 41. Kxh5 1/2-1/2

[Event "Tashkent Al Beruniy-B 2nd"]
[Site "Tashkent"]
[Date "2025.02.04"]
[Round "2"]
[White "Begmuratov, Khumoyun"]
[Black "Paravyan, David"]
[Result "0-1"]
[WhiteElo "2409"]
[BlackElo "2621"]
[PlyCount "130"]
[EventDate "2025.02.03"]
[EventType "tourn"]
[EventRounds "9"]
[EventCountry "UZB"]
[EventCategory "12"]
[SourceTitle "CB07_2025"]
[SourceDate "2025.02.12"]
[SourceVersion "1"]
[SourceVersionDate "2025.02.12"]
[SourceQuality "1"]

1. e4 e5 2. Nf3 Nf6 3. Nxe5 d6 4. Nf3 Nxe4 5. d4 d5 6. Bd3 Nc6 7. 0-0 Be7 8. c4 Nb4 9. Be2 0-0 10. Nc3 Bf5 11. a3 Nxc3 12. bxc3 Nc6 13. Bf4 Na5 14. cxd5 Qxd5 15. Re1 Bd6 16. Bxd6 Qxd6 17. Ne5 c5 18. Bc4 Nxc4 19. Nxc4 Qa6 20. Ne3 Be4 21. dxc5 Rad8 22. Qg4 Qc6 23. Nf5 Bxf5 24. Qxf5 Rd5 25. Re5 g6 26. Qe4 Rfd8 27. Re1 Rxc5 28. g3 Qxe4 29. R5xe4 Rxc3 30. Re7 Rd2 31. R1e3 Rxe3 32. Rxe3 Kf8 33. Kg2 h5 34. h4 Rd6 35. a4 Re6 36. Rc3 Ke8 37. Kf3 Kd7 38. Kf4 Rf6+ 39. Ke3 Rc6 40. Rb3 b6 41. Rb4 Ke6 42. Re4+ Kd5 43. Rf4 f5 44. Kd3 Rc1 45. Rb4 Ra1 46. Rd4+ Ke5 47. Rb4 Ra3+ 48. Ke2 Kd5 49. f3 Kc5 50. Rf4 Rb3 51. g4 fxg4 52. fxg4 Rb4 53. Rf7 Rxg4 54. Rxa7 Rxh4 55. a5 b5 56. Rc7+ Kb4 57. a6 Rh2+ 58. Kf3 Ra2 59. Rc6 g5 60. Rg6 g4+ 61. Kg3 Kc4 62. Kh4 b4 63. Kxh5 Kb5 64. Rxg4 Rxa6 65. Rg3 Ra8 0-1